Dharmasthala Manjayya Heggader: (Record no. 223445)
[ view plain ]
| 000 -LEADER | |
|---|---|
| fixed length control field | 01002nam a22002297a 4500 |
| 005 - DATE AND TIME OF LATEST TRANSACTION | |
| control field | 20250116143903.0 |
| 008 - FIXED-LENGTH DATA ELEMENTS--GENERAL INFORMATION | |
| fixed length control field | 220618b ||||| |||| 00| 0 eng d |
| 040 ## - CATALOGING SOURCE | |
| Transcribing agency | Aloy |
| 041 ## - LANGUAGE CODE | |
| Language code of text/sound track or separate title | Tulu |
| 082 ## - DEWEY DECIMAL CLASSIFICATION NUMBER | |
| Edition number | 23 |
| Classification number | T928 |
| Item number | KARD |
| 100 ## - MAIN ENTRY--PERSONAL NAME | |
| Personal name | Karnataka Tulu Sahitya Akademi: |
| 100 ## - MAIN ENTRY--PERSONAL NAME | |
| 9 (RLIN) | 193698 |
| 100 ## - MAIN ENTRY--PERSONAL NAME | |
| 9 (RLIN) | 140191 |
| Dates associated with a name | ಕರ್ನಾಟಕ ತುಳು ಸಾಹಿತ್ಯ ಅಕಾಡೆಮಿ |
| 245 ## - TITLE STATEMENT | |
| Title | Dharmasthala Manjayya Heggader: |
| Remainder of title | ಧರ್ಮಸ್ಥಳ ಮಂಜಯ್ಯ ಹೆಗ್ಗಡೆರ್ |
| 260 ## - PUBLICATION, DISTRIBUTION, ETC. | |
| Place of publication, distribution, etc. | Mangaluru: |
| Name of publisher, distributor, etc. | Karnataka Tulu Sahitya Akademi, |
| Date of publication, distribution, etc. | 1995 |
| 300 ## - PHYSICAL DESCRIPTION | |
| Extent | 45p. |
| Other physical details | PB |
| Dimensions | 21x14cm. |
| 365 ## - TRADE PRICE | |
| Source of price type code | Biography |
| 440 ## - SERIES STATEMENT/ADDED ENTRY--TITLE | |
| Title | Madappiyeravandi tuluver: ಮದೆಪ್ಪಿಯೆರಾವಂದಿ ತುಳುವೆರ್;2 |
| 9 (RLIN) | 43989 |
| 650 ## - SUBJECT ADDED ENTRY--TOPICAL TERM | |
| Topical term or geographic name entry element | Biography |
| 9 (RLIN) | 43977 |
| 700 ## - ADDED ENTRY--PERSONAL NAME | |
| Personal name | KARNATAKA TULU SAHITYA AKADEMI: ಕರ್ನಾಟಕ ತುಳು ಸಾಹಿತ್ಯ ಅಕಾಡೆಮಿ |
| 9 (RLIN) | 43978 |
| 700 ## - ADDED ENTRY--PERSONAL NAME | |
| Personal name | UJIRE (Na): ವುಜಿರೆ (ನಾ) |
| 9 (RLIN) | 43987 |
| 942 ## - ADDED ENTRY ELEMENTS (KOHA) | |
| Source of classification or shelving scheme | Dewey Decimal Classification |
| Koha item type | George Fernandes Collections |
| Withdrawn status | Lost status | Source of classification or shelving scheme | Damaged status | Not for loan | Collection code | Home library | Current library | Date acquired | Total Checkouts | Full call number | Barcode | Date last seen | Price effective from | Koha item type |
|---|---|---|---|---|---|---|---|---|---|---|---|---|---|---|
| Dewey Decimal Classification | Others | St Aloysius Library | St Aloysius Library | 03/24/2013 | T928 KARD | GF02976 | 06/22/2022 | 06/22/2022 | George Fernandes Collections |